00535nam a2200169Ia 4500003000900000008004100009020001800050040001600068080001600084100001400100245009800114260004100212300001500253490005600268650002600324650001500350IN-BaIIA211028s9999 xx 000 0 eng d a1-86094-569-4 cIIA Library a531.19bCOW aCowan, B. 0aTopics in statistical mechanicscB. Cowan  aLondonbImperial College Pressc2005 axvi, 319p. aImperial college press advanced physics texts; v. 3 aStatistical mechanics aStatistics